| 000 | 00567pam a2200205 a 4500 | ||
|---|---|---|---|
| 020 | _a084935997X | ||
| 040 | _cDLC | ||
| 082 | 0 | 0 | _a618 CRC 1986 A042 Or. |
| 245 | 0 | 4 | _aThe Physiology and biochemistry of the uterus in pregnancy and labor / |
| 260 |
_aBoca Raton, Fla. : _bCRC Press, _cc1986. |
||
| 300 |
_a321 p. : _bill. ; _c27 cm. |
||
| 500 | _aSpine title: The uterus in pregnancy and labor. | ||
| 650 | 0 | _aUterus, Pregnant. | |
| 650 | 0 | _aLabor. | |
| 650 | 2 | _aLabor. | |
| 650 | 2 | _aPregnancy. | |
| 650 | 2 | _aUterus | |
| 700 | 1 | _aHuszar, Gabor, | |
| 942 | _cEK | ||
| 999 |
_c12315 _d12315 |
||